000 00372nam a22001457a 4500
020 _qPB.
040 _cFIZZA ISHAQ
082 _a005.133
_bKIR
100 _aKNOERNSCHILD, KIRK.
_991371
245 _aJAVA APPLICATION ARCHITECTURE MODULARITY /
_cKIRK KNOERNSCHILD.
250 _a1st ED.
260 _aNEW YORK ;
_bPEARSON,
_c2012
300 _a353 P. ;
942 _2ddc
_cBK
999 _c589521
_d589521